| 000 | 00000nam##2200000za#4500 |
| 001 | 9.662341 |
| 003 | CaOODSP |
| 005 | 20240405152527 |
| 007 | ta |
| 008 | 150407|2000||||xxc||||| f|0| 0 eng|d |
| 020 | |a0-660-61565-7 |
| 040 | |aCaOODSP|beng |
| 041 | |aeng |
| 041 | |afre |
| 043 | |an-cn--- |
| 086 | 1 |aYX1-1/2000 |
| 110 | 1 |aCanada.|bStatutes. |bDepartment of Justice. |
| 245 | 12|aA consolidation of the Constitution Acts 1867 to 1982 / |cIssued by the Department of Justice. |
| 260 | |aOttawa - Ontario : |bStatutes. |c2000, reprinted 2003. |
| 300 | |aEnglish text, 82p. ; |c25 cm. |
| 500 | |aN.B.: Consolidated as of January 1, 2001. |
| 500 | |a"Consolidation as of January 1, 2001". |
| 520 | 3 |aThis consolidation contains the texts of: - the Constitution Act, 1867 (formerly the British North America Act, 1867), together with amendments made to it since its enactment - the Constitution Act, 1982, which contains the Canadian Charter of Rights and Freedoms and other new provisions, including the procedure for amending the Constitution of Canada. |
| 563 | |aSoftcover |
| 590 | |a01-06|b2001-02-09 |
| 590 | |a03-39|b2003-09-26 |
| 690 | 07|aConstitutional law|2gcpds |
| 690 | 07|aLegislation|2gcpds |
| 776 | 0#|tA consolidation of the Constitution Acts, 1867 to 1982.|w(CaOODSP)9.936427 |
| 792 | |tCodification administrative des Lois constitutionnelles de 1867 à 1982 / |efre|w(CaOODSP)9.662342 |